000 00445nam a2200133Ia 4500
003 GCL
008 140319s9999 xx 000 0 ara d
040 _aGCL /
_cGCL
082 0 4 _a709.1
_bم ع
100 1 _aعبدالفتاح رواس قلعة جى
245 1 0 _aمدخل الى علم الجمال الاسلامى /
_cعبدالفتاح رواس قلعة جى
300 _a147 ص
490 _aالهيئة العامة للاستعلامات
_v0
999 _c48309
_d48309